|
|
|
|
| LEADER |
00000nam0a2200000 4500 |
| 001 |
147854 |
| 005 |
20231101221324.0 |
| 010 |
|
|
|a 9785911341817
|
| 035 |
|
|
|a (RuTPU)RU\TPU\book\160267
|
| 090 |
|
|
|a 147854
|
| 100 |
|
|
|a 20081121d2008 m y0rusy50 ca
|
| 101 |
0 |
|
|a rus
|
| 102 |
|
|
|a RU
|
| 105 |
|
|
|a a j 001zy
|
| 200 |
1 |
|
|a Теория вероятностей в задачах и упражнениях
|e учебное пособие
|f Е. С. Кочетков, С. О. Смерчинская
|
| 205 |
|
|
|a 2-е изд.
|
| 210 |
|
|
|a Москва
|c Форум
|d 2008
|
| 215 |
|
|
|a 480 с.
|c ил.
|
| 225 |
1 |
|
|a Высшее образование
|
| 320 |
|
|
|a Библиогр.: с. 478-479.
|
| 320 |
|
|
|a Предметный указатель: с. 471-477.
|
| 606 |
1 |
|
|a Вероятностей теория
|2 stltpush
|3 (RuTPU)RU\TPU\subj\2254
|9 30841
|
| 610 |
1 |
|
|a задачи
|
| 610 |
1 |
|
|a упражнение
|
| 610 |
1 |
|
|a случайные события
|
| 610 |
1 |
|
|a аксиоматика
|
| 610 |
1 |
|
|a вероятности
|
| 610 |
1 |
|
|a сложение
|
| 610 |
1 |
|
|a формулы
|
| 610 |
1 |
|
|a формула полной вероятности
|
| 610 |
1 |
|
|a формула Байеса
|
| 610 |
1 |
|
|a схема Бернулли
|
| 610 |
1 |
|
|a полиномиальная схема
|
| 610 |
1 |
|
|a случайные величины
|
| 610 |
1 |
|
|a дискретные случайные величины
|
| 610 |
1 |
|
|a непрерывные случайные величины
|
| 610 |
1 |
|
|a предельные теоремы
|
| 610 |
1 |
|
|a смешанные задачи
|
| 610 |
1 |
|
|a многомерные распределения
|
| 610 |
1 |
|
|a двумерные распределения
|
| 610 |
1 |
|
|a характеристические функции
|
| 610 |
1 |
|
|a вероятностная сходимость
|
| 610 |
1 |
|
|a учебные пособия
|
| 675 |
|
|
|a 519.21(076)
|v 3
|
| 700 |
|
1 |
|a Кочетков
|b Е. С.
|g Евгений Семенович
|
| 701 |
|
1 |
|a Смерчинская
|b С. О.
|g Светлана Олеговна
|
| 801 |
|
1 |
|a RU
|b 63413507
|c 20081121
|g PSBO
|
| 801 |
|
2 |
|a RU
|b 63413507
|c 20150924
|g PSBO
|
| 900 |
|
|
|a Теория вероятностей и математическая статистика
|
| 900 |
|
|
|a Теория вероятностей, математическая статистика и случайные процессы
|
| 942 |
|
|
|c BK
|
| 959 |
|
|
|a 111/20081114
|d 2
|e 179,90
|f ЧЗТЛ:2
|